[Event "12. Torneo Navalmoral de la Mata"]
[Site "Navalmoral de la Mata ESP"]
[Date "2006.12.07"]
[Round "4.6"]
[White "Libiszewski, Fabien"]
[Black "Heberla, Bartlomiej"]
[Result "1-0"]
[WhiteElo "2469"]
[BlackElo "2569"]
[PlyCount "87"]
[EventDate "2006.12.05"]
[EventType "swiss"]
[EventCountry "ESP"]
[Source "lmi"]
[SourceDate "2006.12.06"]

1. e4 c5 2. Nf3 Nc6 3. Bb5 a6 4. Bxc6 dxc6 5. d3 Qc7 6. e5 Bg4 7. Bf4 e6 8. h3
Bxf3 9. Qxf3 Ne7 10. Nd2 Ng6 11. O-O f5 12. Nc4 b5 13. Nd6+ Bxd6 14. exd6 Qd7
15. Rfe1 O-O 16. Re2 Rad8 17. Rae1 Rfe8 18. Bg5 Rc8 19. Qg3 e5 20. Rxe5 Rxe5
21. Rxe5 Nxe5 22. Qxe5 c4 23. dxc4 bxc4 24. Qd4 Rb8 25. Qxc4+ Kh8 26. Qd4 c5
27. Qe5 c4 28. Be7 Rb5 29. Qd4 h6 30. b3 cxb3 31. axb3 Kh7 32. Qd3 Re5 33. Kh2
a5 34. Bh4 Kg8 35. Bg3 Re8 36. Qd5+ Qf7 37. Qb5 Kh7 38. Be5 f4 39. Qd3+ Kg8 40.
c4 Rc8 41. Bc3 a4 42. bxa4 f3 43. Ba5 fxg2 44. Qd5 1-0

[Event "12. Torneo Navalmoral de la Mata"]
[Site "Navalmoral de la Mata ESP"]
[Date "2006.12.07"]
[Round "4.8"]
[White "Baron Rodriguez, Jesus"]
[Black "Mirzoev, Azer"]
[Result "1/2-1/2"]
[WhiteElo "2424"]
[BlackElo "2543"]
[PlyCount "71"]
[EventDate "2006.12.05"]
[EventType "swiss"]
[EventCountry "ESP"]
[Source "lmi"]
[SourceDate "2006.12.06"]

1. e4 e5 2. Bc4 Nf6 3. d3 Nc6 4. Nf3 Bc5 5. Nc3 d6 6. Bg5 h6 7. Bxf6 Qxf6 8.
Nd5 Qd8 9. c3 a6 10. d4 Ba7 11. dxe5 dxe5 12. Qe2 Be6 13. O-O-O Qc8 14. h3 b5
15. Bb3 Qb7 16. Rd2 O-O-O 17. Rhd1 Kb8 18. Nb4 Rxd2 19. Nxc6+ Qxc6 20. Rxd2
Bxb3 21. axb3 Re8 22. Rd5 Qb6 23. Nxe5 Qxf2 24. Rxb5+ Kc8 25. Qxf2 Bxf2 26. Rd5
c6 27. Nxc6 Rxe4 28. Kd2 Re8 29. b4 g6 30. g4 Bg3 31. c4 Bf4+ 32. Kd3 Kb7 33.
Na5+ Kc8 34. Nc6 Kb7 35. Na5+ Kc8 36. Nc6 1/2-1/2